[Event "Hanoi GM1 03"]
[Site "Hanoi"]
[Date "2024.03.20"]
[Round "3"]
[White "Apaar, Saxena"]
[Black "Nguyen, Duc Hoa"]
[Result "0-1"]
[WhiteElo "2227"]
[BlackElo "2340"]
[PlyCount "52"]
[EventDate "2024.03.19"]
[EventType "tourn"]
[EventRounds "9"]
[EventCountry "VIE"]
[EventCategory "6"]
[SourceTitle "CB13_2024"]
[SourceDate "2024.03.27"]
[SourceVersion "1"]
[SourceVersionDate "2024.03.27"]
[SourceQuality "1"]

1. d4 Nf6 2. c4 g6 3. g3 c5 4. Nf3 Bg7 5. Bg2 0-0 6. 0-0 d6 7. Nc3 Nc6 8. dxc5 dxc5 9. Bf4 Bf5 10. Ne5 Nd4 11. e3 Ne6 12. Bxb7 Rb8 13. Bd5 Nxd5 14. Nxd5 Nxf4 15. exf4 Bxe5 16. fxe5 Rxb2 17. Qa4 e6 18. Nf6+ Kg7 19. Qxa7 Bh3 20. Rfd1 Rd2 21. Rxd2 Qxd2 22. Qe7 Rd8 23. Nd5 Rxd5 24. cxd5 Qxd5 25. Qf6+ Kg8 26. f3 Qd4+ 0-1

[Event "Pozarevac Rudar GM 02"]
[Site "Pozarevac"]
[Date "2024.02.12"]
[Round "6"]
[White "Apaar, Saxena"]
[Black "Volkov, Dmitriy"]
[Result "1-0"]
[WhiteElo "2270"]
[BlackElo "2268"]
[PlyCount "43"]
[EventDate "2024.02.08"]
[EventType "tourn"]
[EventRounds "9"]
[EventCountry "SRB"]
[EventCategory "7"]
[SourceTitle "CB08_2024"]
[SourceDate "2024.02.21"]
[SourceVersion "1"]
[SourceVersionDate "2024.02.21"]
[SourceQuality "1"]

1. d4 Nf6 2. c4 g6 3. g3 Bg7 4. Bg2 0-0 5. Nc3 d6 6. Nf3 Nbd7 7. 0-0 e5 8. e4 exd4 9. Nxd4 Re8 10. Re1 Nc5 11. Rb1 a5 12. Ndb5 Bd7 13. Bf4 Ng4 14. Nd5 Rc8 15. Nbxc7 Rxc7 16. Nxc7 Qxc7 17. Bxd6 Qc8 18. Bxc5 Qxc5 19. Qxd7 Nxf2 20. Qxe8+ Bf8 21. Re2 Nh3+ 22. Kh1 1-0

[Event "Arandjelovac ASK-13 IM"]
[Site "Arandjelovac"]
[Date "2023.12.20"]
[Round "4"]
[White "Apaar, Saxena"]
[Black "Ghazaryan, Raffi"]
[Result "1/2-1/2"]
[WhiteElo "1935"]
[BlackElo "2053"]
[PlyCount "45"]
[EventDate "2023.12.18"]
[EventType "tourn"]
[EventRounds "9"]
[EventCountry "SRB"]
[SourceTitle "CB52_2023"]
[SourceDate "2023.12.27"]
[SourceVersion "1"]
[SourceVersionDate "2023.12.27"]
[SourceQuality "1"]

1. d4 Nf6 2. c4 e6 3. Nf3 d5 4. g3 Be7 5. Bg2 0-0 6. 0-0 dxc4 7. Ne5 Nc6 8. Bxc6 bxc6 9. Nxc6 Qe8 10. Nxe7+ Qxe7 11. Qc2 e5 12. dxe5 Qxe5 13. Bf4 Qe6 14. Nc3 Bb7 15. f3 Qb6+ 16. Kg2 Nd5 17. Nxd5 Bxd5 18. Rfd1 Be6 19. Rd2 a5 20. Rad1 a4 21. a3 Rfe8 22. Qc3 Qc6 23. Qd4 1/2-1/2

[Event "Arandjelovac ASK-12 IM"]
[Site "Arandjelovac"]
[Date "2023.12.17"]
[Round "9"]
[White "Pikula, Dejan"]
[Black "Apaar, Saxena"]
[Result "1/2-1/2"]
[WhiteElo "2336"]
[BlackElo "1935"]
[PlyCount "88"]
[EventDate "2023.12.11"]
[EventType "tourn"]
[EventRounds "9"]
[EventCountry "SRB"]
[SourceTitle "CB51_2023"]
[SourceDate "2023.12.20"]
[SourceVersion "1"]
[SourceVersionDate "2023.12.20"]
[SourceQuality "1"]

1. e4 e5 2. Nf3 Nc6 3. Bc4 Bc5 4. 0-0 Nf6 5. d3 d6 6. c3 h6 7. Re1 0-0 8. a4 a5 9. h3 Bb6 10. Nbd2 Ne7 11. d4 Ng6 12. Bf1 c6 13. b3 Re8 14. dxe5 Nxe5 15. Ba3 Be6 16. Nd4 Ng6 17. g3 Bc5 18. Bxc5 dxc5 19. Nxe6 Rxe6 20. Qc2 Ne5 21. Rad1 Rd6 22. Kg2 Nh5 23. Nc4 Nxc4 24. Bxc4 Rxd1 25. Rxd1 Qe7 26. f4 Nf6 27. e5 Nd7 28. Rd6 Nb6 29. Qd3 Nxc4 30. bxc4 b5 31. cxb5 cxb5 32. Qxb5 Rd8 33. Qd3 Qb7+ 34. Kh2 Qb2+ 35. Kg1 Rb8 36. Rd8+ Rxd8 37. Qxd8+ Kh7 38. Qd3+ g6 39. Qc4 Qc1+ 40. Kf2 Qd2+ 41. Kf3 Qd1+ 42. Kf2 Qd2+ 43. Kf3 Qd1+ 44. Kf2 Qd2+ 1/2-1/2

[Event "Arandjelovac ASK-12 IM"]
[Site "Arandjelovac"]
[Date "2023.12.15"]
[Round "7"]
[White "Kosic, Dragan"]
[Black "Apaar, Saxena"]
[Result "0-1"]
[WhiteElo "2402"]
[BlackElo "1935"]
[PlyCount "76"]
[EventDate "2023.12.11"]
[EventType "tourn"]
[EventRounds "9"]
[EventCountry "SRB"]
[SourceTitle "CB51_2023"]
[SourceDate "2023.12.20"]
[SourceVersion "1"]
[SourceVersionDate "2023.12.20"]
[SourceQuality "1"]

1. d4 d5 2. Nf3 Nf6 3. e3 e6 4. Bd3 c5 5. b3 Be7 6. 0-0 0-0 7. Bb2 b6 8. Nbd2 Ba6 9. c4 Nc6 10. Rc1 Rc8 11. Re1 dxc4 12. bxc4 cxd4 13. exd4 Qd7 14. Qe2 Rfd8 15. Qe3 Bb7 16. Bb1 Re8 17. Qf4 Qc7 18. Qh4 g6 19. Qh3 Qf4 20. d5 exd5 21. cxd5 Nb4 22. g3 Qd6 23. Rxc8 Bxc8 24. Qh4 Nbxd5 25. Nc4 Qd8 26. Ng5 Bc5 27. Ne5 Nh5 28. Rd1 Qf6 29. Nd3 Bxf2+ 30. Nxf2 Qxb2 31. Nxh7 Nc3 32. Nd3 Ne2+ 33. Kf1 Nexg3+ 34. Kg1 Ne2+ 35. Kf1 Neg3+ 36. Kg1 Ne2+ 37. Kf1 Qc3 38. Nf2 Ba6 0-1

[Event "Budapest SixDays 08 IM"]
[Site "Budapest"]
[Date "2023.08.05"]
[Round "9"]
[White "Laddha, Yash Jayesh"]
[Black "Apaar, Saxena"]
[Result "1-0"]
[WhiteElo "2076"]
[BlackElo "2051"]
[PlyCount "117"]
[EventDate "2023.07.31"]
[EventType "tourn"]
[EventRounds "9"]
[EventCountry "HUN"]
[SourceTitle "CBM 215 Extra"]
[Source "ChessBase"]
[SourceDate "2023.09.30"]
[SourceVersion "1"]
[SourceVersionDate "2023.09.30"]
[SourceQuality "1"]

1. d4 g6 2. e4 Bg7 3. Nc3 c6 4. f4 Qb6 5. Nge2 d5 6. e5 Nh6 7. Ng3 Be6 8. Na4 Qa5+ 9. c3 Nd7 10. b4 Qc7 11. Bd3 Bg4 12. Qc2 e6 13. 0-0 Bf5 14. Bxf5 Nxf5 15. Qd3 0-0-0 16. Rb1 b5 17. Nb2 Nb6 18. a4 Nc4 19. Ne2 h5 20. Ra1 Qb7 21. axb5 cxb5 22. Ra2 Kd7 23. Qf3 Kc7 24. Nd3 Bf8 25. Bd2 Nb6 26. Rfa1 Ra8 27. Nec1 Be7 28. Nb3 Na4 29. Na5 Qb6 30. Nc5 Bxc5 31. dxc5 Qb8 32. c4 dxc4 33. Qc6+ Kd8 34. Nb7+ Ke7 35. Qxb5 c3 36. Rxa4 cxd2 37. c6 f6 38. Qc5+ Kf7 39. Rd1 fxe5 40. fxe5 Rc8 41. Nd6+ Nxd6 42. exd6 Qb6 43. Qxb6 axb6 44. Rxa8 Rxa8 45. Rxd2 Ke8 46. b5 Kd8 47. d7 Ra7 48. Kf2 g5 49. Ke3 h4 50. Ke4 g4 51. Ke5 g3 52. hxg3 hxg3 53. Kxe6 Rc7 54. Rd3 Ra7 55. Rxg3 Kc7 56. Rg8 Ra8 57. Rc8+ Rxc8 58. dxc8Q+ Kxc8 59. g4 1-0

[Event "Budapest SixDays 08 IM"]
[Site "Budapest"]
[Date "2023.08.03"]
[Round "6"]
[White "Apaar, Saxena"]
[Black "Horvath, David G"]
[Result "1/2-1/2"]
[WhiteElo "2051"]
[BlackElo "2353"]
[PlyCount "69"]
[EventDate "2023.07.31"]
[EventType "tourn"]
[EventRounds "9"]
[EventCountry "HUN"]
[SourceTitle "CBM 215 Extra"]
[Source "ChessBase"]
[SourceDate "2023.09.30"]
[SourceVersion "1"]
[SourceVersionDate "2023.09.30"]
[SourceQuality "1"]

1. e4 e6 2. d4 d5 3. Bd3 c5 4. exd5 exd5 5. c3 c4 6. Bc2 Nc6 7. Nf3 Bd6 8. b3 cxb3 9. axb3 Nge7 10. 0-0 0-0 11. Re1 Bf5 12. Bxf5 Nxf5 13. Qd3 Qd7 14. Ba3 Rfe8 15. Rxe8+ Rxe8 16. Bxd6 Nxd6 17. Nbd2 a6 18. h3 h6 19. Kf1 Ne4 20. Re1 Nxd2+ 21. Qxd2 Na5 22. Rxe8+ Qxe8 23. b4 Nc4 24. Qe1 Qd8 25. Ne5 Nd6 26. Qa1 Qc7 27. Qa5 Qxa5 28. bxa5 Nb5 29. Nd7 Nxc3 30. Nc5 Nb5 31. Nxb7 Nxd4 32. Nc5 Nc6 33. Nxa6 Nxa5 34. Nb4 d4 35. Ke2 1/2-1/2

[Event "Budapest SixDays 08 IM"]
[Site "Budapest"]
[Date "2023.08.02"]
[Round "4"]
[White "Apaar, Saxena"]
[Black "Urhegyi, Marton"]
[Result "0-1"]
[WhiteElo "2051"]
[BlackElo "2274"]
[PlyCount "118"]
[EventDate "2023.07.31"]
[EventType "tourn"]
[EventRounds "9"]
[EventCountry "HUN"]
[SourceTitle "CBM 215 Extra"]
[Source "ChessBase"]
[SourceDate "2023.09.30"]
[SourceVersion "1"]
[SourceVersionDate "2023.09.30"]
[SourceQuality "1"]

1. e4 c5 2. Nf3 Nc6 3. d4 cxd4 4. Nxd4 g6 5. c4 Bg7 6. Be3 Qb6 7. Nb3 Qd8 8. Nd4 Nf6 9. Nc3 d6 10. f3 0-0 11. Be2 Bd7 12. 0-0 a5 13. Qd2 Nxd4 14. Bxd4 Bc6 15. Rfc1 Nd7 16. b3 Nc5 17. Bxg7 Kxg7 18. Qd4+ e5 19. Qe3 f5 20. Rd1 Ne6 21. Bd3 Qe7 22. Nd5 Bxd5 23. cxd5 Nf4 24. Bf1 Rf7 25. Rac1 Qg5 26. Kh1 fxe4 27. fxe4 Raf8 28. Re1 Nh3 29. Qxg5 Nxg5 30. Kg1 h5 31. Bd3 Kh6 32. Rc2 h4 33. h3 Rf4 34. Rc7 R8f7 35. Rxf7 Rxf7 36. Rc1 Rf4 37. Rc7 Nxe4 38. Bxe4 Rxe4 39. Rxb7 Re1+ 40. Kf2 Rd1 41. Rb5 Rd2+ 42. Kf3 Rxa2 43. Rb6 Kg5 44. Rxd6 Kf5 45. Re6 Rd2 46. Rb6 e4+ 47. Ke3 Rxg2 48. d6 Rg3+ 49. Kd4 Rd3+ 50. Kc5 Ke6 51. Rb8 Rd5+ 52. Kc4 Rxd6 53. Ra8 Kf5 54. Rxa5+ Kf4 55. Kc5 Rd3 56. b4 e3 57. Kc4 Rd1 58. Ra2 Kf3 59. b5 e2 0-1

[Event "Budapest Vezerkepzo IM 07"]
[Site "Budapest"]
[Date "2023.07.28"]
[Round "6"]
[White "Apaar, Saxena"]
[Black "Mekhane, Adam"]
[Result "0-1"]
[WhiteElo "2006"]
[BlackElo "2269"]
[PlyCount "86"]
[EventDate "2023.07.24"]
[EventType "tourn"]
[EventRounds "9"]
[EventCountry "HUN"]
[SourceTitle "EXT 2024"]
[Source "ChessBase"]
[SourceDate "2023.10.10"]
[SourceVersion "1"]
[SourceVersionDate "2023.10.10"]
[SourceQuality "1"]

1. d4 Nf6 2. c4 e6 3. Nf3 Bb4+ 4. Bd2 a5 5. g3 d5 6. Bg2 0-0 7. 0-0 Be7 8. Qc2 c6 9. Bf4 Nbd7 10. Rd1 Nh5 11. Bd2 Nhf6 12. Bf4 Nh5 13. Bd2 f5 14. Ne5 Nhf6 15. Nc3 Nxe5 16. dxe5 Ng4 17. cxd5 exd5 18. Qb3 Bc5 19. Be1 Qb6 20. Qxb6 Bxb6 21. Na4 Ba7 22. e3 Nxe5 23. Rac1 Nf7 24. b4 axb4 25. Bxb4 Re8 26. Nb2 Bb8 27. a3 Nd6 28. Bf1 Bd7 29. Nc4 Nxc4 30. Bxc4 Be6 31. Bb3 Be5 32. Rd2 Kf7 33. Kf1 g5 34. Rcd1 Bf6 35. Bc5 b6 36. Bd6 Red8 37. Bb4 c5 38. Rxd5 Rxd5 39. Rxd5 cxb4 40. Rd7+ Be7 41. Rd5 bxa3 42. Rxf5+ Bf6 43. Rd5 Bxd5 0-1

[Event "Budapest Vezerkepzo IM 07"]
[Site "Budapest"]
[Date "2023.07.25"]
[Round "2"]
[White "Giang, Tran Nam"]
[Black "Apaar, Saxena"]
[Result "1/2-1/2"]
[WhiteElo "2294"]
[BlackElo "2006"]
[PlyCount "67"]
[EventDate "2023.07.24"]
[EventType "tourn"]
[EventRounds "9"]
[EventCountry "HUN"]
[SourceTitle "EXT 2024"]
[Source "ChessBase"]
[SourceDate "2023.10.10"]
[SourceVersion "1"]
[SourceVersionDate "2023.10.10"]
[SourceQuality "1"]

1. e4 e5 2. Nf3 Nc6 3. Bb5 Nf6 4. 0-0 Nxe4 5. d4 Nd6 6. Bxc6 dxc6 7. dxe5 Nf5 8. Qxd8+ Kxd8 9. h3 Ke8 10. Nc3 h5 11. Bf4 Be6 12. Rfd1 Be7 13. Ne2 Rd8 14. b3 Bd5 15. Ned4 Be4 16. Nxf5 Bxf5 17. Nd4 Bc8 18. c3 g5 19. Bh2 Bc5 20. Ne2 Ke7 21. Ng3 g4 22. Ne4 Bb6 23. h4 Bf5 24. Nf6 Bg6 25. Kf1 Ke6 26. Ke2 Bc5 27. Bf4 Be7 28. Bg5 Bc2 29. Rd4 c5 30. Rd2 Rxd2+ 31. Kxd2 Bg6 32. Ke2 Rd8 33. Rd1 Rxd1 34. Kxd1 1/2-1/2

[Event "Budapest FS02 IM"]
[Site "Budapest"]
[Date "2023.02.14"]
[Round "9"]
[White "Matyassy, Lazar"]
[Black "Apaar, Saxena"]
[Result "1-0"]
[WhiteElo "2299"]
[BlackElo "1965"]
[PlyCount "91"]
[EventDate "2023.02.04"]
[EventType "tourn"]
[EventRounds "9"]
[EventCountry "HUN"]
[SourceTitle "CBM 212 Extra"]
[Source "ChessBase"]
[SourceDate "2023.03.31"]
[SourceVersion "1"]
[SourceVersionDate "2023.03.31"]
[SourceQuality "1"]

1. d4 d5 2. Nc3 Nf6 3. Bf4 e6 4. e3 Bb4 5. Nge2 Ne4 6. a3 Bxc3+ 7. Nxc3 Nxc3 8. bxc3 c5 9. Bd3 c4 10. Be2 Qa5 11. Qd2 Nd7 12. 0-0 0-0 13. Bf3 Nb6 14. Rfb1 Na4 15. Rb4 b5 16. e4 Bb7 17. e5 a6 18. Bh5 Qc7 19. Re1 Kh8 20. Bg5 Rg8 21. Rbb1 Nb6 22. Re3 Bc6 23. Rbe1 Be8 24. Rh3 Nd7 25. Qf4 f6 26. Bxe8 Raxe8 27. Qh4 Nf8 28. exf6 g6 29. f7 Qxf7 30. Bf6+ Rg7 31. Rhe3 Kg8 32. Bxg7 Qxg7 33. Qf4 Qe7 34. Rf3 Nd7 35. Qc7 Nf8 36. Qc6 Rb8 37. Qxa6 Qc7 38. h3 Rb6 39. Qa5 Qb7 40. Qb4 Qb8 41. Qe7 Rb7 42. Rxf8+ Qxf8 43. Qxb7 Qf6 44. Qc8+ Kg7 45. Qxe6 Qf4 46. Qe5+ 1-0

[Event "Budapest FS02 IM"]
[Site "Budapest"]
[Date "2023.02.04"]
[Round "1"]
[White "Apaar, Saxena"]
[Black "Szeberenyi, Adam"]
[Result "0-1"]
[WhiteElo "1965"]
[BlackElo "2325"]
[PlyCount "120"]
[EventDate "2023.02.04"]
[EventType "tourn"]
[EventRounds "9"]
[EventCountry "HUN"]
[SourceTitle "CBM 212 Extra"]
[Source "ChessBase"]
[SourceDate "2023.03.31"]
[SourceVersion "1"]
[SourceVersionDate "2023.03.31"]
[SourceQuality "1"]

1. e4 c5 2. Nf3 e6 3. g3 Nc6 4. Bg2 Nf6 5. Nc3 d6 6. 0-0 a6 7. d4 cxd4 8. Nxd4 Bd7 9. Be3 Be7 10. a4 0-0 11. Qe2 Qc7 12. Rad1 Rac8 13. f4 Na5 14. g4 Nc4 15. Bc1 e5 16. Nf5 Bxf5 17. exf5 Nxb2 18. Bxb2 Qb6+ 19. Kh1 Qxb2 20. fxe5 dxe5 21. Ne4 Rxc2 22. Nxf6+ Bxf6 23. Qe4 Bg5 24. Qxb7 Rb8 25. Qd5 h6 26. Qe4 Rb4 27. Qa8+ Rb8 28. Qe4 Re2 29. Rb1 Rxe4 30. Rxb2 Rxb2 31. Bxe4 Rb4 32. Re1 Rxa4 33. Re2 Rd4 34. h3 a5 35. Bc6 Bf4 36. Rb2 e4 37. Kg2 Kf8 38. Ra2 Bd2 39. Bxe4 Rxe4 40. Rxd2 Re8 41. Rd4 Ra8 42. Ra4 Ke7 43. Kf3 Kd6 44. Ke4 Kc5 45. Ra1 a4 46. Rc1+ Kb4 47. f6 gxf6 48. Kf5 Ra6 49. Rb1+ Kc3 50. Rc1+ Kb2 51. Rf1 a3 52. Rf2+ Kb3 53. Rf3+ Kb4 54. Rf4+ Kc5 55. Rf1 a2 56. Ra1 Kd4 57. Rxa2 Rxa2 58. Kxf6 Rh2 59. Kxf7 Rxh3 60. Kg6 Ke3 0-1

[Event "Budapest Vezerkepzo Christmas FM"]
[Site "Budapest"]
[Date "2023.01.02"]
[Round "7"]
[White "Jamrich, Gyorgy"]
[Black "Apaar, Saxena"]
[Result "1-0"]
[WhiteElo "2196"]
[BlackElo "1578"]
[PlyCount "55"]
[EventDate "2022.12.26"]
[EventType "schev"]
[EventRounds "10"]
[EventCountry "HUN"]
[SourceTitle "CBM 212 Extra"]
[Source "ChessBase"]
[SourceDate "2023.03.31"]
[SourceVersion "1"]
[SourceVersionDate "2023.03.31"]
[SourceQuality "1"]
[WhiteTeam "Team A"]
[BlackTeam "Team B"]
[WhiteTeamCountry "HUN"]
[BlackTeamCountry "HUN"]

1. e4 e5 2. Nf3 Nc6 3. Bc4 Bc5 4. Nc3 Nf6 5. d3 d6 6. 0-0 Na5 7. Bg5 Nxc4 8. dxc4 h6 9. Bxf6 Qxf6 10. Nd5 Qd8 11. b4 Bb6 12. a4 c6 13. Nxb6 axb6 14. Qd3 Be6 15. Rfd1 Ke7 16. c5 dxc5 17. Qc3 Qc7 18. bxc5 f6 19. cxb6 Qxb6 20. Nxe5 fxe5 21. Qxe5 Rhf8 22. Rab1 Rad8 23. Rf1 Qa7 24. Qxg7+ Rf7 25. Qxh6 Rg8 26. Kh1 Bc4 27. Rfd1 Qb8 28. Rxb7+ 1-0

[Event "Budapest Vezerkepzo Christmas FM"]
[Site "Budapest"]
[Date "2022.12.30"]
[Round "5"]
[White "Juracsik, Jozsef"]
[Black "Apaar, Saxena"]
[Result "0-1"]
[WhiteElo "1929"]
[BlackElo "1578"]
[PlyCount "116"]
[EventDate "2022.12.26"]
[EventType "schev"]
[EventRounds "10"]
[EventCountry "HUN"]
[SourceTitle "CBM 212 Extra"]
[Source "ChessBase"]
[SourceDate "2023.03.31"]
[SourceVersion "1"]
[SourceVersionDate "2023.03.31"]
[SourceQuality "1"]
[WhiteTeam "Team A"]
[BlackTeam "Team B"]
[WhiteTeamCountry "HUN"]
[BlackTeamCountry "HUN"]

1. e4 e5 2. Nf3 Nc6 3. Nc3 Nf6 4. a3 d5 5. exd5 Nxd5 6. Bb5 Nxc3 7. bxc3 Bd6 8. d4 exd4 9. cxd4 0-0 10. 0-0 Bg4 11. c3 Qf6 12. h3 Bxf3 13. Qxf3 Qxf3 14. gxf3 Ne7 15. Bd3 Nd5 16. Bd2 Nf4 17. Bxf4 Bxf4 18. a4 a5 19. Rab1 b6 20. Rfd1 Rad8 21. Bb5 Rd6 22. d5 Rg6+ 23. Kf1 Rh6 24. Kg2 Rg6+ 25. Kh1 Rh6 26. Kg2 Be5 27. Rd3 Rg6+ 28. Kf1 Rh6 29. Re1 Bd6 30. f4 Bxf4 31. Rf3 Bd6 32. Bd7 Rh4 33. Kg2 g6 34. Bb5 Kg7 35. Be8 h5 36. Bd7 g5 37. Re8 Rxe8 38. Bxe8 f6 39. Bd7 Be5 40. Bb5 g4 41. hxg4 hxg4 42. Re3 Kg6 43. Bd7 Kg5 44. Bb5 Kf4 45. Bd7 Kg5 46. Bb5 Bd6 47. Bd7 f5 48. Re8 Rh2+ 49. Kg1 Rh3 50. Re3 Rxe3 51. fxe3 Bc5 52. Kf2 f4 53. d6 Bxe3+ 54. Ke2 cxd6 55. Bc6 Bc5 56. Kd3 Kh4 57. Ke2 Kg3 58. Kf1 f3 0-1

[Event "Budapest Vezerkepzo Christmas FM"]
[Site "Budapest"]
[Date "2022.12.27"]
[Round "2"]
[White "Apaar, Saxena"]
[Black "Jamrich, Gyorgy"]
[Result "0-1"]
[WhiteElo "1578"]
[BlackElo "2196"]
[PlyCount "84"]
[EventDate "2022.12.26"]
[EventType "schev"]
[EventRounds "10"]
[EventCountry "HUN"]
[SourceTitle "CBM 212 Extra"]
[Source "ChessBase"]
[SourceDate "2023.03.31"]
[SourceVersion "1"]
[SourceVersionDate "2023.03.31"]
[SourceQuality "1"]
[WhiteTeam "Team B"]
[BlackTeam "Team A"]
[WhiteTeamCountry "HUN"]
[BlackTeamCountry "HUN"]

1. e4 e5 2. Nf3 Nc6 3. Bb5 a6 4. Ba4 Nf6 5. 0-0 b5 6. Bb3 Be7 7. Re1 0-0 8. c3 d6 9. h3 Na5 10. Bc2 c5 11. d4 Qc7 12. Nbd2 cxd4 13. cxd4 Nc6 14. Nb3 Nb4 15. Bb1 a5 16. a3 Na6 17. Be3 a4 18. Nbd2 Bd7 19. Qc2 Qb8 20. b4 axb3 21. Qxb3 Bd8 22. Qb2 Re8 23. Ba2 h6 24. dxe5 dxe5 25. Rec1 Bc7 26. Bd5 Nxd5 27. exd5 f5 28. Qb3 Bd6 29. Nf1 f4 30. Bd2 Nc5 31. Qc3 e4 32. Nd4 Nd3 33. Rcb1 Be5 34. d6 Qxd6 35. Qb3+ Kh8 36. Nxb5 Bxb5 37. Qxb5 Bxa1 38. Rxa1 Qd4 39. Rb1 Qxf2+ 40. Kh1 f3 41. gxf3 exf3 42. Ne3 Rxe3 0-1